Enseñar en la sociedad del conocimiento (Record no. 20896)

MARC details
000 -LEADER
campo de control de longitud fija 01614nmc a2200373 a 4500
003 - IDENTIFICADOR DE NÚMERO DE CONTROL
campo de control AR-BaBNM
005 - FECHA Y HORA DE LA ÚLTIMA TRANSACCIÓN
campo de control 20251128211733.0
008 - DATOS DE LONGITUD FIJA--INFORMACIÓN GENERAL
campo de control de longitud fija 206020s2003 ||||||||||||||000 | spa||
020 ## - NÚMERO INTERNACIONAL ESTÁNDAR DEL LIBRO
Número Internacional Estándar del Libro 84-8063-584-3
040 ## - FUENTE DE CATALOGACIÓN
Centro/agencia transcriptor AR-BaBNM
100 1# - ENTRADA PRINCIPAL--NOMBRE DE PERSONA
Nombre de persona Hargreaves, Andy
245 10 - MENCIÓN DEL TÍTULO
Título Enseñar en la sociedad del conocimiento
Resto del título la educación en la era de la inventiva
250 ## - MENCION DE EDICION
Mención de edición 1ª ed.
260 ## - PUBLICACIÓN, DISTRIBUCIÓN, ETC.
Lugar de publicación, distribución, etc. Barcelona
Nombre del editor, distribuidor, etc. Octaedro
Fecha de publicación, distribución, etc. 2003
300 0# - DESCRIPCIÓN FÍSICA
Extensión 244 p.
490 #0 - MENCIÓN DE SERIE
Mención de serie Repensar la educación
Designación de volumen o secuencia v. 18
505 ## - NOTA DE CONTENIDO CON FORMATO
Título Enseñar para la sociedad del conocimiento : educar para la creatividad
505 ## - NOTA DE CONTENIDO CON FORMATO
Título Enseñar más allá de la sociedad del conocimiento : del valor del dinero, a valores permanentes
505 ## - NOTA DE CONTENIDO CON FORMATO
Título Enseñar a pesar de la sociedad del conocimiento I : el fin del ingenio
Mención de responsabilidad Baker, Michael
505 ## - NOTA DE CONTENIDO CON FORMATO
Título Enseñar a pesar de la sociedd del conocimiento II : la pérdida de la integridad
Mención de responsabilidad Moore, Shawn
505 ## - NOTA DE CONTENIDO CON FORMATO
Título La escuela de la sociedad del conocimiento : una entidad en peligro
Mención de responsabilidad Giles, Corrie
505 ## - NOTA DE CONTENIDO CON FORMATO
Título Más allá de la estandarización : ¿comunidades de aprendizaje profesional o sectas de formación para el rendimiento?
505 ## - NOTA DE CONTENIDO CON FORMATO
Título El futuro de la enseñanza en la sociedad del conocimiento : repensar la mejora, eliminar el empobrecimiento
650 #4 - PUNTO DE ACCESO ADICIONAL DE MATERIA--TÉRMINO DE MATERIA
Término de materia o nombre geográfico como elemento de entrada POLITICA EDUCATIVA
650 #4 - PUNTO DE ACCESO ADICIONAL DE MATERIA--TÉRMINO DE MATERIA
Término de materia o nombre geográfico como elemento de entrada FORMACION PROFESIONAL
653 #0 - TÉRMINO DE INDIZACIÓN--NO CONTROLADO
Término no controlado PLANEAMIENTO EDUCATIVO
653 #0 - TÉRMINO DE INDIZACIÓN--NO CONTROLADO
Término no controlado POLITICAS DE CONOCIMIENTO
653 #0 - TÉRMINO DE INDIZACIÓN--NO CONTROLADO
Término no controlado COMUNIDAD DE APRENDIZAJE
700 1# - ENTRADA AGREGADA--NOMBRE PERSONAL
Nombre de persona Mata, Angels
Término indicativo de función/relación traductor
800 1# - PUNTO DE ACCESO ADICIONAL DE SERIE--NOMBRE DE PERSONA
Nombre de persona Sancho, Juana María
800 1# - PUNTO DE ACCESO ADICIONAL DE SERIE--NOMBRE DE PERSONA
Nombre de persona Hernández, Fernando
942 ## - ELEMENTOS DE ENTRADA SECUNDARIOS (KOHA)
Tipo de ítem Koha Libros
998 ## - INFORMACIÓN DE CONTROL LOCAL (RLIN)
Iniciales del catalogador, CIN (RLIN) me-solo cat
Holdings
Estatus retirado Estado de pérdida Fuente de la clasificación o esquema de estantería Estado de daño No para préstamo Biblioteca de origen Biblioteca actual Fecha de adquisición Fuente de adquisición Total de préstamos Signatura topográfica completa Código de barras Visto por última vez Precio de reemplazo Tipo de ítem Koha
    Clasificación Decimal Dewey     Liberty Liberty 28/11/2025 C-BP-006   37.014.5 HAR 139345 28/11/2025 28/11/2025 Libros
    Clasificación Decimal Dewey     Liberty Liberty 28/11/2025 C-BP-006   37.014.5 HAR 139346 28/11/2025 28/11/2025 Libros